Statistics for Dear Reader lyrics

Click here to take the quiz!

General Stats

  • This quiz has been taken 60 times
  • The average score is 222 of 269

Answer Stats

Lyrics% Correct
Dear
100%
I
100%
in
100%
reader,
100%
You
100%
(You
100%
you
100%
a
97%
it
97%
one
97%
your
97%
you're
97%
If
94%
if
94%
like
94%
so
94%
So
94%
the
94%
who
94%
already
91%
feels
91%
from
91%
Never
91%
of
91%
To
91%
to
91%
advice
88%
apart
88%
don't
88%
falling
88%
for
88%
My
88%
my
88%
No
88%
someone
88%
take
88%
trap,
88%
when
88%
Where
88%
where
88%
who's
88%
But
84%
'cause
84%
have
84%
is
84%
they
84%
all
81%
And
81%
and
81%
asked
81%
drink
81%
hand
81%
knew
81%
man
81%
nights
81%
that
81%
these
81%
These
81%
was
81%
word
81%
at
78%
can,
78%
free
78%
just
78%
out
78%
talking
78%
walking
78%
wouldn't
78%
answer
75%
cursed
75%
darling,
75%
fourth
75%
make
75%
not
75%
playing
75%
run
75%
should
75%
solitaire
75%
there
75%
aim
72%
bend
72%
bright
72%
devil,
72%
get
72%
hiding
72%
home,
72%
house,
72%
miss
72%
nobody's
72%
Pick
72%
prayers
72%
shine
72%
sight
72%
snap
72%
sure
72%
another)
69%
another
69%
find
69%
light
69%
plain
69%
please
69%
right
69%
somewhere
69%
alone
66%
care
66%
desperate
66%
did
66%
lose
66%
secrets
66%
sees
66%
friends
63%
greatest
63%
guiding
63%
Guiding
63%
map
63%
means
63%
recognize
63%
spilling
63%
through
63%
luxuries
59%
prefer
59%
wander
59%
yourself,
59%
pace
56%
found
53%
lives
53%
past
53%
burn
50%
desert
50%
pen
50%
files,
47%

Score Distribution

Percentile by Number Answered

Percent of People with Each Score

Your Score History

You have not taken this quiz